<?xml version="1.0" encoding="UTF-8"?>
<collection xmlns="http://www.loc.gov/MARC21/slim">
 <record>
  <leader>01537nam a2200169Ia 4500</leader>
  <controlfield tag="001">CTU_19221</controlfield>
  <controlfield tag="008">210402s9999    xx            000 0 und d</controlfield>
  <datafield tag="082" ind1=" " ind2=" ">
   <subfield code="a">629.8</subfield>
  </datafield>
  <datafield tag="082" ind1=" " ind2=" ">
   <subfield code="b">C764</subfield>
  </datafield>
  <datafield tag="245" ind1=" " ind2="4">
   <subfield code="a">The control handbook</subfield>
  </datafield>
  <datafield tag="260" ind1=" " ind2=" ">
   <subfield code="a">Boca Raton, Florida</subfield>
  </datafield>
  <datafield tag="260" ind1=" " ind2=" ">
   <subfield code="b">CRC</subfield>
  </datafield>
  <datafield tag="260" ind1=" " ind2=" ">
   <subfield code="c">1995</subfield>
  </datafield>
  <datafield tag="520" ind1=" " ind2=" ">
   <subfield code="a">The book is organized in three major sections, Fundamentals, Advanced Methods, and Applications. The Fundamentals are just what the name implicies, the basics of control engineering, including major subsections on digital control modeling of dynamical systems. The section on Advanced Methods consists of chapters dealing with more difficult and more specialized control problems, containing subsections devoted to the analysis and design of multiple-input multiple-output systems, adaptive control, nonlinear control, stochastic control, and the control of distributed parameter systems. The Applications section is included for several reasons. First, these chapters illustrate the diversity of control systems. Second, they provide examples of how the theory can be applied to specific practical proiblems. Third, they contain important information about aspects of control that are not fully captured by the theory, such as techniques for protecting against controller failure and the role of cost and complexity in specifying controller designs</subfield>
  </datafield>
  <datafield tag="650" ind1=" " ind2=" ">
   <subfield code="a">automatic control - handbooks, manuals, etc,control theory - handbooks, manuals, etc</subfield>
  </datafield>
  <datafield tag="904" ind1=" " ind2=" ">
   <subfield code="i">Minh, 971017</subfield>
  </datafield>
  <datafield tag="980" ind1=" " ind2=" ">
   <subfield code="a">Trung tâm Học liệu Trường Đại học Cần Thơ</subfield>
  </datafield>
 </record>
</collection>
